[Event "Euskadi ch"]
[Site "?"]
[Date "2005.03.30"]
[Round "3.10"]
[White "Garcia Moreno, Jose A"]
[Black "Virto Alustiza, Aingeru"]
[Result "0-1"]
[WhiteElo "2001"]
[BlackElo "1953"]
[PlyCount "68"]
[EventDate "2005.03.29"]
[SourceDate "2005.03.29"]

1. d4 Nf6 2. Nf3 e6 3. Bg5 Be7 4. Nbd2 O-O 5. Bxf6 Bxf6 6. e4 c5 7. e5 Be7 8.
c3 Nc6 9. Bd3 d6 10. Qe2 d5 11. O-O a6 12. Rfe1 b5 13. dxc5 Bxc5 14. Nb3 Bb6
15. h4 Bb7 16. Bxh7+ Kxh7 17. Ng5+ Kh6 18. Qd2 Kh5 19. g3 d4 20. Qe2+ Kh6 21.
Qe4 g6 22. Qf4 Kg7 23. h5 Qe7 24. h6+ Kh8 25. Ne4 Rad8 26. Nd6 Ba8 27. cxd4 Bc7
28. Rac1 Bxd6 29. exd6 Rxd6 30. Re5 Rfd8 31. Rf1 Rd5 32. Ree1 Rh5 33. f3 Qg5
34. Qxg5 Rxg5 {(Bandera)} 0-1

[Event "Euskadi ch"]
[Site "?"]
[Date "2005.03.30"]
[Round "3.9"]
[White "Corral Sierra, Javier"]
[Black "Martinez Pelaez, David"]
[Result "1-0"]
[WhiteElo "2117"]
[BlackElo "2000"]
[PlyCount "145"]
[EventDate "2005.03.29"]
[SourceDate "2005.03.29"]

1. Nf3 d5 2. c4 c6 3. b3 Nf6 4. g3 Bg4 5. Bg2 e6 6. O-O Nbd7 7. Bb2 Bd6 8. h3
Bh5 9. d3 O-O 10. Nbd2 Qe7 11. a3 Rfe8 12. Re1 Rad8 13. Qc2 e5 14. Nh4 Bg6 15.
e4 dxe4 16. dxe4 Nc5 17. Rad1 Bc7 18. Nxg6 hxg6 19. Bf1 Ne6 20. Nf3 Nc5 21.
Rxd8 Rxd8 22. b4 Ncd7 23. c5 Nh7 24. Rd1 Ng5 25. Nxg5 Qxg5 26. h4 Qe7 27. Bh3
Nf6 28. f3 Nh5 29. Kh2 g5 30. hxg5 Qxg5 31. Bg4 Rxd1 32. Qxd1 Nf6 33. Bc8 Qe3
34. Kg2 b6 35. Bc1 Qc3 36. Qd2 Qc4 37. cxb6 Bxb6 38. Bb2 Bd4 39. Bb7 Nd7 40.
Bc8 Nb6 41. Bf5 Qa2 42. Bc1 Qxd2+ 43. Bxd2 Bb2 44. a4 Nxa4 45. Bd7 Nb6 46. Bxc6
Nc4 47. Be1 Ne3+ 48. Kf2 Nc2 49. Bd2 Kf8 50. Ba4 Bd4+ 51. Ke2 Na3 52. Kd3 a6
53. Bc6 Nb5 54. Bb7 Nc7 55. Bc3 Bxc3 56. Kxc3 Ke7 57. Kc4 Ke6 58. f4 exf4 59.
gxf4 f6 60. f5+ Ke5 61. Kc5 Nb5 62. Bxa6 Nd6 63. Bd3 Nb7+ 64. Kc6 Nd8+ 65. Kc7
Nf7 66. b5 Nd6 67. b6 Ne8+ 68. Kc6 Nd6 69. b7 Nxb7 70. Kxb7 Kf4 71. Kc6 Kg5 72.
Kd6 g6 73. Ke7 1-0

[Event "Euskadi ch"]
[Site "?"]
[Date "2005.03.30"]
[Round "3.5"]
[White "Fernandez Hernandez, Gerardo"]
[Black "Hernandez Perez, Jesus"]
[Result "1/2-1/2"]
[WhiteElo "2220"]
[BlackElo "2105"]
[PlyCount "110"]
[EventDate "2005.03.29"]
[SourceDate "2005.03.29"]

1. e4 c5 2. d3 e6 3. g3 Nc6 4. Bg2 g6 5. f4 Nge7 6. Nf3 Bg7 7. c3 d6 8. Be3 O-O
9. O-O b6 10. d4 Bb7 11. dxc5 dxc5 12. Qe2 Qc8 13. Na3 Ba6 14. Nb5 Bxb5 15.
Qxb5 Qc7 16. e5 Rad8 17. Rfd1 h5 18. Ng5 Nd5 19. Bf2 Nce7 20. Qe2 Nf5 21. c4
Nde7 22. g4 hxg4 23. Qxg4 Rxd1+ 24. Rxd1 Rd8 25. h4 Rxd1+ 26. Qxd1 Bh6 27. Qf3
Bxg5 28. hxg5 a5 29. Qa8+ Kg7 30. Qe8 Ng8 31. Bc6 Nge7 32. Be4 Ng8 33. Bxf5
gxf5 34. Bh4 Qb7 35. g6 fxg6 36. Qxe6 Qf3 37. Bf6+ Kh6 38. Bg5+ Kh5 39. Qd5
Qe3+ 40. Kh2 Nh6 41. Qh1 Qf2+ 42. Qg2 Ng4+ 43. Kh3 Qxg2+ 44. Kxg2 Nxe5 45. Bd8
Nd7 46. Kf2 Kh6 47. Kg3 Kg7 48. Kh4 Kh6 49. Bc7 Kh7 50. a4 Kh6 51. Bd8 Kh7 52.
Kg5 Kg7 53. Bc7 Kf7 54. Bd8 Kg7 55. Bc7 Kf7 1/2-1/2

[Event "Euskadi ch"]
[Site "?"]
[Date "2005.03.31"]
[Round "2.10"]
[White "Virto Alustiza, Aingeru"]
[Black "Corral Sierra, Javier"]
[Result "0-1"]
[WhiteElo "1953"]
[BlackElo "2117"]
[PlyCount "78"]
[EventDate "2005.03.29"]
[SourceDate "2005.03.29"]

1. e4 c5 2. Nf3 e6 3. c3 Nf6 4. d3 d6 5. Be2 Be7 6. O-O O-O 7. Nbd2 b6 8. Re1
Bb7 9. Nf1 Nbd7 10. Ng3 Qc7 11. Bf1 Rfe8 12. Bg5 h6 13. Bd2 Bf8 14. Rc1 Rac8
15. Kh1 Qb8 16. Qe2 Qa8 17. Ng1 g6 18. f4 Bg7 19. Nh3 h5 20. Kg1 c4 21. Ng5 h4
22. Nh1 cxd3 23. Qf2 Nxe4 24. Nxe4 Bxe4 25. Qxh4 Bd5 26. b3 e5 27. f5 e4 28.
fxg6 fxg6 29. Qg4 Ne5 30. Qh4 Nf7 31. Qg3 Re6 32. c4 Bd4+ 33. Nf2 Rf6 34. Be3
Be5 35. Qh4 Bc6 36. Bd2 Rf5 37. g4 Bf6 38. Qg3 Rf3 39. Qg2 Bd4 0-1

[Event "Euskadi ch"]
[Site "?"]
[Date "2005.03.31"]
[Round "4.12"]
[White "Alcaide Luque, Aitor"]
[Black "Galarza Docampo, Karmel"]
[Result "1-0"]
[WhiteElo "2058"]
[BlackElo "2201"]
[PlyCount "39"]
[EventDate "2005.03.29"]
[SourceDate "2005.03.29"]

1. d4 Nf6 2. Bg5 e6 3. Nd2 h6 4. Bh4 d5 5. e3 c5 6. c3 Nbd7 7. Bd3 Be7 8. Qe2
b6 9. f4 Bb7 10. Ngf3 g5 11. fxg5 Ne4 12. Bb5 hxg5 13. Ne5 Nef6 14. Bxg5 Kf8
15. Ndf3 Nb8 16. Nxf7 Kxf7 17. Ne5+ Kg7 18. Bxf6+ Bxf6 19. Qg4+ Bg5 20. O-O 1-0

[Event "Euskadi ch"]
[Site "?"]
[Date "2005.03.31"]
[Round "4.8"]
[White "Navarrete Delgado, Sergio"]
[Black "Rodriguez Gonzalez, Alex"]
[Result "1-0"]
[WhiteElo "2211"]
[BlackElo "2031"]
[PlyCount "87"]
[EventDate "2005.03.29"]
[SourceDate "2005.03.29"]

1. e4 d6 2. d4 Nf6 3. Nc3 g6 4. Be3 c6 5. h3 Bg7 6. Qd2 Nbd7 7. O-O-O b5 8. e5
b4 9. exf6 bxc3 10. Qxc3 Nxf6 11. Qxc6+ Bd7 12. Qa6 Nd5 13. Bc4 Nxe3 14. fxe3
O-O 15. Nf3 Qc7 16. Rd3 Bc8 17. Qa4 Bf5 18. Rc3 Qb7 19. Qb5 Rab8 20. Qxb7 Rxb7
21. Bd5 Rb6 22. g4 Be6 23. Bb3 a5 24. Rc7 a4 25. Bxa4 Bxa2 26. b3 Ra8 27. Kd2
e5 28. Ra1 Bxb3 29. cxb3 exd4 30. Nxd4 Bxd4 31. exd4 Rxb3 32. Bxb3 Rxa1 33.
Rxf7 Kh8 34. g5 h5 35. gxh6 Ra3 36. Rb7 d5 37. Ke3 g5 38. Kf3 Ra6 39. Kg4 Rxh6
40. Kxg5 Rxh3 41. Kg6 Rg3+ 42. Kf6 Rf3+ 43. Ke6 Rd3 44. Rb8+ 1-0

[Event "Euskadi ch"]
[Site "?"]
[Date "2005.03.31"]
[Round "4.3"]
[White "Varas Gonzalez, Carlos"]
[Black "Galzagorri Uli, Ieray"]
[Result "1/2-1/2"]
[WhiteElo "2299"]
[BlackElo "2199"]
[PlyCount "48"]
[EventDate "2005.03.29"]
[SourceDate "2005.03.29"]

1. e4 c5 2. Nf3 e6 3. d4 cxd4 4. Nxd4 a6 5. Nc3 b5 6. Bd3 Qb6 7. Nb3 Qc7 8. Qe2
Bb7 9. f4 d6 10. a4 b4 11. Na2 Nc6 12. Bd2 a5 13. c3 bxc3 14. Nxc3 Nf6 15. Nb5
Qb8 16. O-O Be7 17. Bc3 e5 18. Nd2 O-O 19. Nc4 exf4 20. Nb6 Ne5 21. Nxa8 Qxa8
22. Rxf4 Nxd3 23. Rxf6 Bxf6 24. Bxf6 Bxe4 1/2-1/2

[Event "Euskadi ch"]
[Site "?"]
[Date "2005.03.31"]
[Round "4.2"]
[White "Ruiz Gomez, Alejandro"]
[Black "Gomez Esteban, Mario"]
[Result "1/2-1/2"]
[WhiteElo "2336"]
[BlackElo "2474"]
[PlyCount "59"]
[EventDate "2005.03.29"]
[SourceDate "2005.03.29"]

1. d4 d5 2. c4 c6 3. Nc3 dxc4 4. e3 b5 5. a4 b4 6. Nb1 Ba6 7. Nf3 Nf6 8. Be2 e6
9. O-O c5 10. Nbd2 Nc6 11. Nxc4 cxd4 12. Nd6+ Qxd6 13. Bxa6 Be7 14. Qc2 b3 15.
Qxc6+ Qxc6 16. Bb5 Qxb5 17. axb5 dxe3 18. Bxe3 Rb8 19. Rxa7 Nd5 20. Ne5 Nxe3
21. fxe3 Bc5 22. Raxf7 Rxb5 23. Nc4 Rb4 24. Rc7 Rxc4 25. Rc8+ Kd7 26. Rxh8
Bxe3+ 27. Kh1 Rc2 28. Rb1 Bd4 29. Rb8 Bxb2 30. Rxb3 1/2-1/2

[Event "Euskadi ch"]
[Site "?"]
[Date "2005.03.31"]
[Round "4.10"]
[White "Wu Martin, Eneko"]
[Black "Virto Alustiza, Aingeru"]
[Result "0-1"]
[WhiteElo "2081"]
[BlackElo "1953"]
[PlyCount "82"]
[EventDate "2005.03.29"]
[SourceDate "2005.03.29"]

1. e4 Nf6 2. Nc3 d5 3. exd5 Nxd5 4. Bc4 c6 5. d4 e6 6. Nf3 Bd6 7. O-O O-O 8.
Ne4 Be7 9. c3 Nd7 10. Bd3 N5f6 11. Re1 c5 12. Qe2 cxd4 13. cxd4 Nxe4 14. Qxe4
Nf6 15. Qh4 Re8 16. Bg5 h6 17. Bxf6 Bxf6 18. Qe4 g6 19. Ne5 Qd5 20. Qg4 Re7 21.
Re3 Bd7 22. Rd1 Be8 23. h4 Rd8 24. Bc4 h5 25. Bxd5 hxg4 26. Bb3 Bxh4 27. Nxg4
Red7 28. Red3 Kg7 29. f4 Rd6 30. g3 Be7 31. Kf2 Bb5 32. R3d2 g5 33. Ke3 gxf4+
34. gxf4 Rh8 35. Ne5 Rh3+ 36. Nf3 Rd8 37. Rg2+ Kf6 38. Ke4 Bc6+ 39. d5 exd5+
40. Bxd5 Rxd5 41. Nd4 Re5# 0-1

[Event "Euskadi ch"]
[Site "?"]
[Date "2005.03.31"]
[Round "4.1"]
[White "Gonzalez De la Torre, Santiago"]
[Black "Limeres Guiance, Cristobal"]
[Result "1/2-1/2"]
[WhiteElo "2384"]
[BlackElo "2244"]
[PlyCount "62"]
[EventDate "2005.03.29"]
[SourceDate "2005.03.29"]

1. e4 Nc6 2. Nf3 d5 3. exd5 Qxd5 4. Nc3 Qa5 5. d4 Bg4 6. Bb5 e6 7. h3 Bxf3 8.
Qxf3 Nge7 9. Be3 a6 10. Ba4 Qf5 11. Qe2 Nd5 12. Bxc6+ bxc6 13. Qc4 Kd7 14. Nxd5
cxd5 15. Qa4+ c6 16. O-O Bd6 17. c4 g5 18. Rac1 Rhb8 19. cxd5 Qxd5 20. Rfd1
Rxb2 21. Rc5 Rxa2 22. Qb4 Rb8 23. Qe1 Qe4 24. Rxg5 Rb5 25. Rg7 Rf5 26. Rb1 Bc7
27. Qb4 e5 28. Rd1 Qd5 29. Qb1 e4 30. Rg4 a5 31. Rxe4 Rb2 1/2-1/2

[Event "Euskadi ch"]
[Site "?"]
[Date "2005.03.31"]
[Round "4.7"]
[White "Navarro Cia, Miguel"]
[Black "Fernandez Hernandez, Gerardo"]
[Result "1-0"]
[WhiteElo "2299"]
[BlackElo "2220"]
[PlyCount "43"]
[EventDate "2005.03.29"]
[SourceDate "2005.03.29"]

1. d4 d6 2. e4 Nf6 3. Nc3 g6 4. Nf3 Bg7 5. Be3 c6 6. Qd2 b5 7. Bd3 Nbd7 8. Bh6
Bxh6 9. Qxh6 Qb6 10. O-O e5 11. dxe5 dxe5 12. Nxe5 Nxe5 13. Qg7 Ke7 14. Qxh8
Qc7 15. f4 Neg4 16. e5 Nh5 17. Qxh7 Qb6+ 18. Kh1 Nf2+ 19. Rxf2 Qxf2 20. Bxg6
Ng3+ 21. hxg3 Be6 22. f5 1-0

[Event "Euskadi ch"]
[Site "?"]
[Date "2005.03.31"]
[Round "4.6"]
[White "Hernandez Perez, Jesus"]
[Black "Garrido Legarreta, Jose J"]
[Result "0-1"]
[WhiteElo "2105"]
[BlackElo "2066"]
[PlyCount "66"]
[EventDate "2005.03.29"]
[SourceDate "2005.03.29"]

1. e4 c5 2. Nf3 e6 3. d3 Nc6 4. g3 d5 5. Nbd2 Nf6 6. Bg2 Be7 7. O-O b6 8. Re1
Bb7 9. e5 Nd7 10. Nf1 Qc7 11. Bf4 h6 12. h4 O-O-O 13. c3 Rdg8 14. d4 g5 15.
hxg5 hxg5 16. Be3 Qd8 17. N1h2 Qf8 18. Ng4 Qg7 19. Nd2 Qh7 20. f3 f5 21. exf6
Nxf6 22. Nxf6 Bxf6 23. Nf1 cxd4 24. cxd4 e5 25. dxe5 Nxe5 26. Bd4 Re8 27. f4
Nf3+ 28. Qxf3 Bxd4+ 29. Ne3 gxf4 30. gxf4 Qd3 31. Bh3+ Kb8 32. Kf2 Qd2+ 33. Re2
Bxe3+ 0-1

[Event "Euskadi ch"]
[Site "?"]
[Date "2005.03.31"]
[Round "4.5"]
[White "Corral Sierra, Javier"]
[Black "Huerga Leache, Mikel"]
[Result "1-0"]
[WhiteElo "2117"]
[BlackElo "2136"]
[PlyCount "79"]
[EventDate "2005.03.29"]
[SourceDate "2005.03.29"]

1. Nf3 b6 2. g3 Bb7 3. Bg2 e6 4. O-O f5 5. c4 Nf6 6. d3 Be7 7. Nc3 O-O 8. e4
fxe4 9. Ng5 c5 10. dxe4 h6 11. Nh3 Ne8 12. Nf4 Nc6 13. e5 Rf5 14. Ng6 Rb8 15.
f4 Kh7 16. Nxe7 Qxe7 17. Be3 d6 18. Be4 g6 19. exd6 Nxd6 20. Bxf5 Nxf5 21. Qe2
Ba8 22. Rae1 Qb7 23. Ne4 Ncd4 24. Bxd4 cxd4 25. Rf3 Ne3 26. Rxe3 dxe3 27. Qxe3
Rd8 28. Qc3 h5 29. Qf6 Re8 30. Rd1 Rg8 31. Rd4 Rg7 32. Qf8 Kh6 33. h3 e5 34.
fxe5 Qe7 35. Qxa8 Qb4 36. Rd2 Qxc4 37. Qh8+ Rh7 38. Qf8+ Rg7 39. Qf4+ g5 40.
Rd6+ 1-0

[Event "Euskadi ch"]
[Site "?"]
[Date "2005.03.31"]
[Round "4.4"]
[White "Basto Auzmendi, Mario"]
[Black "Salinero De Prado, Juan M"]
[Result "1-0"]
[WhiteElo "2111"]
[BlackElo "2191"]
[PlyCount "77"]
[EventDate "2005.03.29"]
[SourceDate "2005.03.29"]

1. e4 c5 2. Nf3 a6 3. c3 e6 4. d4 d5 5. e5 Bd7 6. Bd3 Bb5 7. Bxb5+ axb5 8. dxc5
Bxc5 9. b4 Ba7 10. Na3 Nc6 11. Nxb5 Bb8 12. Qe2 Nge7 13. Bg5 Qd7 14. Bxe7 Kxe7
15. a4 g5 16. h3 Bc7 17. Qe3 Rhg8 18. Qc5+ Kd8 19. Nxc7 Qxc7 20. O-O b6 21. Qe3
g4 22. hxg4 Rxg4 23. Rfe1 Kd7 24. Qd3 Rag8 25. g3 f5 26. Qb5 Ke7 27. a5 bxa5
28. Qc5+ Kf7 29. b5 Rc4 30. Qd6 Qa7 31. Kg2 Ne7 32. Rh1 Rg7 33. Rh6 Ke8 34.
Rxe6 Rxc3 35. b6 Qb7 36. Nd4 f4 37. Rxa5 fxg3 38. Ra7 gxf2+ {(Bandera)} 39.
Kxf2 1-0

[Event "Euskadi ch"]
[Site "?"]
[Date "2005.04.01"]
[Round "4.9"]
[White "Tornay Gomez, Josu"]
[Black "Martinez Pelaez, David"]
[Result "1-0"]
[WhiteElo "2113"]
[BlackElo "2000"]
[PlyCount "71"]
[EventDate "2005.03.29"]
[SourceDate "2005.03.29"]

1. e4 e5 2. Bc4 Nf6 3. d4 exd4 4. Nf3 Nc6 5. e5 d5 6. Bb5 Ne4 7. Nxd4 Bd7 8.
Bxc6 bxc6 9. O-O Be7 10. f3 Nc5 11. Be3 g6 12. f4 Ne6 13. f5 Nxd4 14. Bxd4 Bxf5
15. Rxf5 gxf5 16. Qh5 O-O 17. Qxf5 Qc8 18. Qf3 Qe6 19. Nc3 c5 20. Bf2 c6 21.
Re1 Rab8 22. Ne2 Rb4 23. Nf4 Qf5 24. Nxd5 Qxf3 25. Nxe7+ Kh8 26. gxf3 Rxb2 27.
Bxc5 Rd8 28. Nxc6 Rg8+ 29. Kh1 Rxc2 30. Bd4 Rgg2 31. e6+ Kg8 32. e7 Rxh2+ 33.
Kg1 Rcg2+ 34. Kf1 Rh1+ 35. Kxg2 Rxe1 36. Ne5 1-0

[Event "Euskadi ch"]
[Site "?"]
[Date "2005.04.01"]
[Round "5.12"]
[White "Galarza Docampo, Karmel"]
[Black "Wu Martin, Eneko"]
[Result "1/2-1/2"]
[WhiteElo "2201"]
[BlackElo "2081"]
[PlyCount "26"]
[EventDate "2005.03.29"]
[SourceDate "2005.03.29"]

1. Nf3 Nf6 2. c4 c5 3. b3 g6 4. Bb2 Bg7 5. d3 O-O 6. Nbd2 d6 7. e3 Nc6 8. Be2
Bf5 9. O-O Nb4 10. e4 Bd7 11. Ne1 e5 12. Nc2 Nc6 13. Ne3 Nd4 1/2-1/2

[Event "Euskadi ch"]
[Site "?"]
[Date "2005.04.01"]
[Round "5.11"]
[White "Rodriguez Gonzalez, Alex"]
[Black "Garcia Moreno, Jose A"]
[Result "1-0"]
[WhiteElo "2031"]
[BlackElo "2001"]
[PlyCount "55"]
[EventDate "2005.03.29"]
[SourceDate "2005.03.29"]

1. e4 c6 2. Nc3 d5 3. d4 dxe4 4. Nxe4 Bf5 5. Ng3 Bg6 6. Bc4 e6 7. N1e2 Nf6 8.
h4 h6 9. Nf4 Be4 10. Nxe4 Nxe4 11. O-O Nf6 12. Re1 Nd5 13. Qh5 Nxf4 14. Bxf4
Kd7 15. Qxf7+ Qe7 16. Bxe6+ Kd8 17. Qh5 Nd7 18. Bf7 Nf6 19. Rxe7 Nxh5 20. Re8+
Kd7 21. Rxa8 Nxf4 22. Re1 g5 23. g3 Nh3+ 24. Kg2 g4 25. Be6+ Kc7 26. Bxg4 Nxf2
27. Kxf2 c5 28. Ree8 1-0

[Event "Euskadi ch"]
[Site "?"]
[Date "2005.04.01"]
[Round "5.6"]
[White "Virto Alustiza, Aingeru"]
[Black "Navarro Cia, Miguel"]
[Result "0-1"]
[WhiteElo "1953"]
[BlackElo "2299"]
[PlyCount "52"]
[EventDate "2005.03.29"]
[SourceDate "2005.03.29"]

1. e4 c5 2. Nc3 Nc6 3. g3 g6 4. Bg2 Bg7 5. Nge2 Rb8 6. d3 b5 7. O-O b4 8. Nb1
d6 9. c3 e6 10. d4 cxd4 11. cxd4 Ba6 12. e5 d5 13. Be3 Nge7 14. Nd2 O-O 15. Re1
Qb6 16. Nb3 Rbc8 17. Nc5 Rc7 18. Nf4 Rfc8 19. Bf1 Bxf1 20. Kxf1 Nf5 21. Nfd3
Ncxd4 22. Bxd4 Nxd4 23. Rc1 Bf8 24. Na4 Qb5 25. Kg2 Rxc1 26. Nxc1 Nc2 0-1

[Event "Euskadi ch"]
[Site "?"]
[Date "2005.04.01"]
[Round "5.5"]
[White "Salinero De Prado, Juan M"]
[Black "Ruiz Gomez, Alejandro"]
[Result "0-1"]
[WhiteElo "2191"]
[BlackElo "2336"]
[PlyCount "66"]
[EventDate "2005.03.29"]
[SourceDate "2005.03.29"]

1. d4 c5 2. e4 cxd4 3. Qxd4 Nc6 4. Qd1 Nf6 5. Nc3 e5 6. Bc4 Bb4 7. Nge2 Nxe4 8.
Bxf7+ Kxf7 9. Qd5+ Ke8 10. Qxe4 d5 11. Qf3 Be6 12. O-O Qf6 13. Qd3 Rd8 14. Qb5
Rd7 15. a3 a6 16. Qd3 Be7 17. b4 Qg6 18. Qd2 d4 19. Na4 Bd5 20. Ng3 Bd8 21. Nc5
Rf7 22. c3 b6 23. Na4 h5 24. cxd4 h4 25. dxe5 Rd7 26. Qf4 Rf8 27. Qe3 hxg3 28.
hxg3 Bc4 29. Re1 Rd3 30. Qe2 Nd4 31. Qb2 Rxg3 32. fxg3 Qxg3 33. Qc3 Nf3+ 0-1

[Event "Euskadi ch"]
[Site "?"]
[Date "2005.04.01"]
[Round "5.10"]
[White "Martinez Pelaez, David"]
[Black "Alcaide Luque, Aitor"]
[Result "1-0"]
[WhiteElo "2000"]
[BlackElo "2058"]
[PlyCount "71"]
[EventDate "2005.03.29"]
[SourceDate "2005.03.29"]

1. e4 e6 2. d4 d5 3. Nd2 Nf6 4. Bd3 c5 5. e5 Nfd7 6. c3 Nc6 7. Ne2 cxd4 8. cxd4
f6 9. exf6 Nxf6 10. O-O Bd6 11. Nf3 Qc7 12. Bg5 O-O 13. Nc3 a6 14. Bh4 g6 15.
Bg3 Nh5 16. Re1 Nxg3 17. hxg3 Qg7 18. Bc2 Bd7 19. Rc1 Rf7 20. Na4 Raf8 21. Nb6
Rxf3 22. gxf3 Nxd4 23. f4 Bc6 24. Ba4 g5 25. Qg4 h5 26. Qxh5 gxf4 27. g4 Rf5
28. Qh3 Rg5 29. f3 Bc7 30. Na8 Ba5 31. Bxc6 Nxf3+ 32. Qxf3 Rxg4+ 33. Kf2 Qd4+
34. Ke2 Qd2+ 35. Kf1 Rg3 36. Qe2 1-0

[Event "Euskadi ch"]
[Site "?"]
[Date "2005.04.01"]
[Round "5.3"]
[White "Garrido Legarreta, Jose J"]
[Black "Corral Sierra, Javier"]
[Result "0-1"]
[WhiteElo "2066"]
[BlackElo "2117"]
[PlyCount "86"]
[EventDate "2005.03.29"]
[SourceDate "2005.03.29"]

1. e4 c5 2. Nf3 e6 3. d4 cxd4 4. Nxd4 Nf6 5. Nc3 d6 6. Be2 a6 7. O-O Be7 8. Be3
O-O 9. f4 Nc6 10. Kh1 Qc7 11. Qe1 Bd7 12. Qg3 b5 13. a3 Rab8 14. e5 dxe5 15.
Nxc6 Bxc6 16. fxe5 Ne4 17. Nxe4 Bxe4 18. Bd3 Bxd3 19. cxd3 f5 20. exf6 Qxg3 21.
hxg3 Bxf6 22. d4 e5 23. Rad1 Rbd8 24. d5 e4 25. Rd2 Be5 26. Rxf8+ Kxf8 27. Bf4
Bf6 28. Kg1 Ke8 29. Kf2 Ke7 30. g4 g5 31. Be3 Rc8 32. b4 Rc3 33. Ra2 Kd6 34.
Bc5+ Kxd5 35. a4 Bd4+ 36. Bxd4 Kxd4 37. axb5 axb5 38. Ra7 Rc2+ 39. Kf1 Ke3 40.
Ra3+ Kd2 41. Kf2 Rb2 42. Rh3 Rxb4 43. Rxh7 e3+ 0-1

[Event "Euskadi ch"]
[Site "?"]
[Date "2005.04.01"]
[Round "5.2"]
[White "Limeres Guiance, Cristobal"]
[Black "Varas Gonzalez, Carlos"]
[Result "1/2-1/2"]
[WhiteElo "2244"]
[BlackElo "2299"]
[PlyCount "91"]
[EventDate "2005.03.29"]
[SourceDate "2005.03.29"]

1. d4 Nf6 2. c4 e6 3. g3 d5 4. Bg2 Be7 5. Nf3 O-O 6. O-O dxc4 7. Ne5 Nc6 8.
Nxc6 bxc6 9. Qc2 Qxd4 10. Rd1 Qb6 11. Nd2 Ng4 12. e3 Ba6 13. Nxc4 Qc5 14. b3
Bxc4 15. bxc4 Bf6 16. Bb2 Bxb2 17. Qxb2 e5 18. Qb7 Rab8 19. Qxc6 Qxc6 20. Bxc6
Rb2 21. Rf1 g6 22. h3 Nf6 23. a4 Rb6 24. Bg2 Rd8 25. g4 h6 26. c5 Rb2 27. Rad1
Rdb8 28. f4 e4 29. g5 hxg5 30. fxg5 Nh7 31. h4 Nf8 32. Bxe4 R8b4 33. Rd4 Ne6
34. Rxb4 Rxb4 35. Bd5 Rg4+ 36. Kh2 Rxh4+ 37. Kg3 Rxa4 38. Bxe6 fxe6 39. Rf6 Re4
40. Rxg6+ Kh7 41. Rh6+ Kg7 42. Kf3 Re5 43. Kf4 Rf5+ 44. Ke4 Rxg5 45. Rxe6 Rxc5
46. Ra6 1/2-1/2

[Event "Euskadi ch"]
[Site "?"]
[Date "2005.04.01"]
[Round "5.8"]
[White "Hernandez Perez, Jesus"]
[Black "Navarrete Delgado, Sergio"]
[Result "0-1"]
[WhiteElo "2105"]
[BlackElo "2211"]
[PlyCount "88"]
[EventDate "2005.03.29"]
[SourceDate "2005.03.29"]

1. e4 d5 2. exd5 Nf6 3. Nc3 Nxd5 4. Bc4 Nb6 5. Bb3 c5 6. d3 Nc6 7. Nf3 Bf5 8.
Bf4 e6 9. O-O Be7 10. h3 O-O 11. Re1 Bf6 12. g4 Bg6 13. Ne5 Nd4 14. Nxg6 fxg6
15. Re4 Bh4 16. Ne2 Nd5 17. Nxd4 Bxf2+ 18. Kxf2 cxd4 19. Kg3 Nxf4 20. Qe1 Qd6
21. Re5 g5 22. Qe4 Ng6 23. Re1 Rae8 24. Kg2 Nxe5 25. Qxe5 Qxe5 26. Rxe5 Kf7 27.
Re4 Kf6 28. Rxd4 Rd8 29. Re4 e5 30. Re3 Rd4 31. Bc4 Rfd8 32. Bb3 a6 33. a4 g6
34. Kg3 h5 35. Bc4 e4 36. Re2 Ke5 37. Rxe4+ Rxe4 38. dxe4 Kxe4 39. Bb3 h4+ 40.
Kg2 Rd2+ 41. Kg1 Kf3 42. a5 Kg3 43. Kf1 Kxh3 44. Ke1 Rd6 0-1

[Event "Euskadi ch"]
[Site "?"]
[Date "2005.04.01"]
[Round "5.7"]
[White "Huerga Leache, Mikel"]
[Black "Tornay Gomez, Josu"]
[Result "1-0"]
[WhiteElo "2136"]
[BlackElo "2113"]
[PlyCount "103"]
[EventDate "2005.03.29"]
[SourceDate "2005.03.29"]

1. d4 d5 2. c4 e6 3. Nc3 c5 4. Nf3 Nf6 5. Bg5 cxd4 6. Nxd4 Be7 7. cxd5 Nxd5 8.
Bxe7 Nxe7 9. Ndb5 Nd7 10. Nd6+ Kf8 11. e4 Nb6 12. Qd2 Bd7 13. Rd1 Ng6 14. h4
Qc7 15. h5 Ne5 16. Qf4 Qc5 17. h6 g5 18. Qf6 Rg8 19. Nxb7 Qc7 20. Nb5 Bxb5 21.
Bxb5 Ng4 22. Qf3 Qxb7 23. Qxg4 a6 24. Be2 Nc4 25. O-O Ne5 26. Qg3 f6 27. Qa3+
Qe7 28. Qa4 g4 29. f4 gxf3 30. Bxf3 Qc5+ 31. Qd4 Qxd4+ 32. Rxd4 Nxf3+ 33. Rxf3
Ke7 34. Rfd3 Ra7 35. Kf2 Rg6 36. Rg3 Rxg3 37. Kxg3 Kf7 38. Rd6 a5 39. Rd3 Rb7
40. b3 Rb4 41. Rd7+ Kg6 42. Ra7 Rxe4 43. Rxa5 Kxh6 44. Rb5 Re2 45. a4 f5 46. a5
Kg5 47. b4 e5 48. a6 f4+ 49. Kf3 Re3+ 50. Kf2 Kg4 51. a7 Ra3 52. Ra5 1-0

[Event "Euskadi ch"]
[Site "?"]
[Date "2005.04.01"]
[Round "5.1"]
[White "Gomez Esteban, Mario"]
[Black "Gonzalez De la Torre, Santiago"]
[Result "1-0"]
[WhiteElo "2474"]
[BlackElo "2384"]
[PlyCount "187"]
[EventDate "2005.03.29"]
[SourceDate "2005.03.29"]

1. d4 d5 2. c4 c6 3. Nf3 Nf6 4. e3 Bg4 5. h3 Bh5 6. Nc3 e6 7. g4 Bg6 8. Ne5
Nfd7 9. Nxg6 hxg6 10. Bd2 a5 11. Qc2 Na6 12. a3 Be7 13. Bd3 O-O 14. Rc1 dxc4
15. Bxc4 b5 16. Be2 b4 17. Nb1 c5 18. dxc5 Ndxc5 19. O-O Qb6 20. Qc4 Na4 21.
Qc6 Qxc6 22. Rxc6 Nb8 23. Rc7 Bd6 24. Rb7 Nxb2 25. axb4 axb4 26. Bxb4 Bxb4 27.
Rxb4 Na4 28. Bb5 Nb6 29. Nc3 Ra3 30. Ne4 Nd5 31. Rb2 Nc3 32. Nxc3 Rxc3 33. Rd1
Nc6 34. Be2 Rc8 35. Rb5 Ne7 36. Bf3 Rc1 37. Rxc1 Rxc1+ 38. Kg2 f6 39. Rb7 Kf7
40. h4 Ke8 41. Be2 Kd8 42. Ba6 Rc7 43. Rb8+ Kd7 44. Bb5+ Kd6 45. Rd8+ Ke5 46.
Be8 g5 47. hxg5 fxg5 48. Rd2 Nd5 49. Bg6 Nf6 50. Kf3 Rd7 51. Ra2 Kd6 52. Ra5 e5
53. Bf5 Rc7 54. Ra6+ Rc6 55. Ra8 Rc7 56. Be4 Ke7 57. Ra5 Ke6 58. Ra6+ Ke7 59.
Bf5 Kf7 60. Be6+ Kg6 61. Ra3 e4+ 62. Kg3 Re7 63. Ra6 Rc7 64. Ra5 Re7 65. Bf5+
Kf7 66. Bc8 Kg6 67. Rc5 Re8 68. Bf5+ Kf7 69. Rc7+ Re7 70. Bg6+ Ke6 71. Rc5 Nd7
72. Rc4 Kd5 73. Rd4+ Ke5 74. Bxe4 Nf6 75. Bf3 Ke6 76. Ra4 Kf7 77. Ra3 Kg6 78.
Ra6 Kf7 79. Be2 Rd7 80. Bc4+ Kg6 81. Kf3 Kh7 82. Be6 Re7 83. Bf5+ Kh6 84. e4
Re8 85. Rd6 Rf8 86. e5 g6 87. Rxf6 Rxf6 88. exf6 gxf5 89. gxf5 Kh7 90. Kg4 Kg8
91. Kh5 Kf8 92. Kg6 Kg8 93. f7+ Kf8 94. f3 1-0

[Event "Euskadi ch"]
[Site "?"]
[Date "2005.04.01"]
[Round "5.4"]
[White "Galzagorri Uli, Ieray"]
[Black "Basto Auzmendi, Mario"]
[Result "1-0"]
[WhiteElo "2199"]
[BlackElo "2111"]
[PlyCount "130"]
[EventDate "2005.03.29"]
[SourceDate "2005.03.29"]

1. e4 e6 2. d3 b6 3. Nd2 Bb7 4. Ngf3 g6 5. g3 Bg7 6. Bg2 Ne7 7. O-O d6 8. c3
O-O 9. h4 c5 10. Re1 Nbc6 11. Nf1 b5 12. Bf4 b4 13. d4 bxc3 14. bxc3 e5 15.
dxe5 Nxe5 16. Nxe5 Bxe5 17. Bxe5 dxe5 18. Qa4 Qc7 19. Red1 Bc8 20. Ne3 Rb8 21.
Rd2 Be6 22. Rad1 Kg7 23. Bf1 Nc8 24. Bc4 Nb6 25. Qa5 Qe7 26. Bxe6 fxe6 27. Qa6
Qb7 28. Qxb7+ Rxb7 29. Ng4 Nc4 30. Rd7+ Rf7 31. Rxb7 Rxb7 32. Rd8 h5 33. Nh2
Kf6 34. Nf3 Ke7 35. Rg8 Kf7 36. Rc8 Rb1+ 37. Kg2 Rb2 38. Ng5+ Ke7 39. Rc7+ Kd6
40. Rxa7 Ne3+ 41. Kg1 Rb1+ 42. Kh2 Ng4+ 43. Kg2 Rb2 44. Nh3 Ne3+ 45. Kf3 Nf1
46. a4 Nd2+ 47. Ke3 c4 48. Ra6+ Kd7 49. a5 Nf1+ 50. Kf3 Nd2+ 51. Kg2 Nxe4 52.
Rb6 Rxb6 53. axb6 Nxc3 54. Ng5 Kc6 55. Nxe6 Ne4 56. f3 c3 57. fxe4 c2 58. b7
Kxb7 59. Nc5+ Kc6 60. Nd3 Kb5 61. Kf3 Kc4 62. Ke3 Kc3 63. Nc1 Kc4 64. Ne2 Kb3
65. Kd2 Kb2 1-0

[Event "Euskadi ch"]
[Site "?"]
[Date "2005.04.02"]
[Round "6.12"]
[White "Garcia Moreno, Jose A"]
[Black "Alcaide Luque, Aitor"]
[Result "0-1"]
[WhiteElo "2001"]
[BlackElo "2058"]
[PlyCount "32"]
[EventDate "2005.03.29"]
[SourceDate "2005.03.29"]

1. d4 e6 2. Nf3 f5 3. Nc3 Nf6 4. Bg5 d5 5. e3 Bd6 6. Bf4 O-O 7. Be5 Ne4 8. g3
Bb4 9. Qd3 b6 10. Qb5 a5 11. O-O-O c6 12. Qe2 Bxc3 13. bxc3 Qe7 14. Kb2 Nxc3
15. Qe1 Qb4+ 16. Ka1 Qa3 0-1